ბათუმის შოთა რუსთაველის სახელმწიფო უნივერსიტეტის ბიბლიოთეკა

პოლიტიკა. ნაწ. 2 / (ბიბ.ჩანაწერი № 60347)

000 -ლიდერი
ფიქსირებული სიგრძის საკონტროლო ველი 00868nam a22001937a 4500
003 - საკონტროლო ნომრის იდენტიფიკატორი
საკონტროლო ველი Ge_BSU
005 - ბოლო ოპერაციის თარიღი და დრო
საკონტროლო ველი 20230630172344.0
008 - ფიქსირებული სიგრძის მონაცემთა ელემენტები - ზოგადი ინფორმაცია
ფიქსირებული სიგრძის საკონტროლო ველი 230630s1996 ge ||||| |||| 00| 0 geo d
041 ## - ენის კოდი
Language code of text/sound track or separate title geo
080 ## - უნივერსალური ათობითი კლასიფიკაციის ინდექსი
Universal Decimal Classification number 32.001 ა-81
100 ## - მთავარი ჩანაწერი - პიროვნების სახელი
Personal name არისტოტელე
9 (RLIN) 11894
245 ## - ცნობა სათაურის შესახებ
Title პოლიტიკა. ნაწ. 2 /
Statement of responsibility, etc არისტოტელე ; ძვ. ბერძნ. თარგმნა, შესავ. წერილი და განმარტებები დაურთო თამარ კუკავამ.
264 ## - წარმოების, გამოცემის, დისტრიბუციის და სხვა ცნობები
გამოცემის, წარმოების, დისტრიბუციის... ადგილი თბილისი,
გამოცემის, წარმოების, დისტრიბუციის... სახელწოდება ''სამშობლო'',
გამოცემის, წარმოების, დისტრიბუციის... თარიღი 1996.
300 ## - ფიზიკური აღწერა
Extent 120 გვ.;
Other physical details 20 სმ.
653 ## - INDEX TERM--UNCONTROLLED
Uncontrolled term პოლიტოლოგია
653 ## - INDEX TERM--UNCONTROLLED
Uncontrolled term სახელმწიფო
700 ## - ADDED ENTRY--PERSONAL NAME
Personal name კუკავა, თამარ
Relator term მთარგმნელი
9 (RLIN) 10261
942 ## - ADDED ENTRY ELEMENTS (KOHA)
Source of classification or shelving scheme
Koha item type წიგნი
ეგზემპლარები
ჩამოწერის სტატუსი დაკარგული ეგზემპლარის სტატუსი კლასიფიკაციის წყარო ან თაროზე გაწყობის სქემა დაზიანების სტატუსი არ გაიცემა მუდმივი მდებარეობა (დაცვის ადგილი) ამჟამინდელი ადგილსამყოფელი თაროზე განთავსების ადგილი შეძენის თარიღი ღირებულება, შესყიდვის ნორმალური ფასი სრული შენახვის შიფრი შტრიხკოდი ბოლო ოპერაციის თარიღი ეგზემპლარის მიმდევრობითი ნომერი (კეტერი?) Uniform Resource Identifier ფასის ძალაში შესვლის თარიღი ეგზემპლარის სახეობა საჯარო შენიშვნა
          ბათუმის შოთა რუსთაველის სახელმწიფო უნივერსიტეტის მთავარი ბიბლიოთეკა ბათუმის შოთა რუსთაველის სახელმწიფო უნივერსიტეტის მთავარი ბიბლიოთეკა წიგნსაცავი 2023-06-30 4.00 32.001 ა-81 64859 2023-06-30 64859 ბსუ-ს საპატიო დოქტორის გურამ ლორთქიფანიძის საჩუქარი 2023-06-30 წიგნი 4 ლ.